000 00807nam a2200229 a 4500
001 000010496
005 20240412074219.0
008 091007s2004 dr r 001 p spa d
020 _a9993478075
040 _aDO-SdBNP
_bspa
_cBNPHU
082 _aRD861.44
_bM586v
100 1 _aMestre Sánchez, Carmen Isabel
_925498
245 1 0 _aVersos al viento /
_cCarmen Isabel Mestre ; prólogo Julio De Windt Pichardo.
260 _aSanto Domingo :
_bSoto Castillo,
_c2004.
300 _a117 p. ;
_c22 cm.
500 _aIncluye datos biográficos de la autora en la solapa de la contracubierta
590 _aInventariado, 2018/BT
650 0 _aPoesía dominicana
_966
650 0 _aLiteratura dominicana.
_967
700 1 _aDe Windt Pichardo, Julio,
_epról.
_925499
910 _aValidado. Control de calidad. MFF
999 _c10255
_d10255